|
|
|
|
| LEADER |
00730pam a22002058a 4500 |
| 001 |
00020599 |
| 005 |
20171026081023.0 |
| 008 |
110518s1986 ||||||Viesd |
| 041 |
0 |
# |
|a Vie
|
| 082 |
1 |
4 |
|a 720.9
|b T310H
|
| 100 |
0 |
# |
|a Ngô Huy Quỳnh
|
| 245 |
0 |
0 |
|a Tìm hiểu lịch sử kiến trúc Việt Nam
|c Ngô Huy Quỳnh
|n T.1
|p Kiến trúc dân gian
|
| 260 |
# |
# |
|a H.
|b Xây dựng
|c 1986
|
| 300 |
# |
# |
|a 103 tr.
|b Hình trắng đen
|c 24 cm.
|
| 650 |
# |
4 |
|a Lịch sử kiến trúc
|
| 653 |
# |
# |
|a Kiến trúc dân gian
|
| 852 |
# |
# |
|b Kho đọc
|j KD.0005705
|
| 852 |
# |
# |
|j KD.0005705
|
| 910 |
0 |
# |
|a Đức
|d 18/05/2011
|
| 980 |
# |
# |
|a Trung tâm Học liệu Lê Vũ Hùng, Trường Đại học Đồng Tháp
|